Business process management: a practical guide

Saved in:
Bibliografiske detaljer
Hovedforfatter: Khan, Rashid N (Author)
Format: Bog
Sprog:engelsk
Udgivet: Tampa Megan-Kiffer 2004
Udgivelse:1a. ed
Fag:
Tags: Tilføj Tag
Ingen Tags, Vær først til at tagge denne postø!

MARC

LEADER 00000nam a2200000 a 4500
001 UCJ0515
003 CL-VaPUC
008 060811e20040000us |||||||||||||||||eng|d
020 |a 0929652320 
082 0 4 |a 658.4063  |b KHA  |2 21 
100 0 |a Khan, Rashid N  |e author  |9 500746 
245 1 0 |a Business process management: a practical guide 
250 |a 1a. ed 
300 |a 334 p 
942 |c BK 
945 |d 20060811 00:00:00  |a cmena 
260 |a Tampa  |b Megan-Kiffer  |c 2004 
650 0 |a Cambio organizacional   |9 260741 
650 7 |a INNOVACIONES TECNOLOGICAS  |2 CL-VaPUC  |9 500747 
650 0 |a Toma de decisiones   |9 257530 
650 0 |a Investigación de operaciones  |9 356906 
650 0 |a Administración de empresas   |9 260833 
650 0 |a Planificación estratégica   |9 259735 
583 |a last modification  |c 20171218 01:00:07  |k Rodrigo Vera 
999 |c 317348  |d 317346 
952 |0 0  |1 0  |4 0  |6 658_406300000000000_KHA_2004  |7 0  |8 A  |9 393632  |a BIBING  |b BIBING  |d 2019-11-22  |i 426312K  |o 658.4063 KHA 2004  |p 426312K  |r 2025-01-20  |w 2019-11-22  |y BK  |k EII